1536 1744 1433 1621 1992 1904 1063 1300 1064 1809 1639 1913 1492 1688 1210 1545 1834 1407 1816 1176 1601 1216 1444 1054 1511 1882 1563 1113 1188 1304 1541 1144 1137 1642 1580 1760 1899 1846 1492 1851 1763 1152 1526 1382 1068 1112 1535 1984 1809 1625 1443 1570 1361 1683 1315 1856 1264 1404 1274 1504 1472 1952 1874 1679 1560 1071 1688 1343 1056 1902 1560 1450 1767 1615 1641 1383 1736 1119 1270 1292 1100 1833 1004 1838 1202 1433 1498 1586 1737 1305 1319 1490 1024 1664 1406 1124 1319 1296 1132 BCNSPRNW ULIB Ver.6.0+V

เปลี่ยนเป็นภาษาไทย

Change to English
 แสดงรายละเอียดบรรณานุกรม
  กลับหน้าหลัก

Brief Record : Get Marc (ISO 2709) : E-mail record : QR code < ปิดหน้าต่าง
LEADER : 00000nam 2200000uu 4500
001    13399127735
003     ULIB
008    210513s2556||||th 000 0 tha d
020    ู^a9786162991783
050    ^aนว^bช799จ^cล.5
100    ^aโชอู
245    ^aจอมกระบี่เทพสังหาร เล่ม 5
250    ^aพิมพ์ครั้งที่ 1
260    ^aกรุงเทพฯ :^bสยามอินเตอร์บุ๊คส์,^c2556
300    ^a206 หน้า;^b21 ซม.
650    ^aนวนิยาย
945    ^p220^l0^i008046
999    ^aประนอม เกษจรัล
รายการนี้ยังไม่มีแท็ก
คุณยังไม่ได้ล็อกอิน คุณสามารถมีกิจกรรมร่วมกับเว็บไซต์ได้ แต่ต้องล็อกอินก่อน ::
  ล็อกอิน

รายการสื่อสารสนเทศ

ลำดับที่ ประเภท เลขเรียก/บาร์โค้ด สถานที่ สถานะ
1. นวนิยาย
นวนิยาย
นว ช799จ ล.5 ฉ.1 
  Barcode: 008046
ห้องสมุดวิทยาเขตสวรรค์ประชารักษ์
►หนังสือทั่วไป
บนชั้น

รายการใกล้เคียง
    ผู้แต่ง [โชอู]

    หัวเรื่อง [นวนิยาย]

BibComment


ยังไม่เคยถูกคอมเมนท์

คอมเมนท์ทรัพยากรรายการนี้
  คอมเมนท์: จอมกระบี่เทพสังห..


 Copyright 2026. Bcnsprnw @Library